| 000 | 01990nab a2200265 a 4500 | ||
|---|---|---|---|
| 005 | 20230302063646.0 | ||
| 008 | 991125s1985 mx 000 0 spa u | ||
| 035 | _aUPN01000218793 | ||
| 049 | _aART | ||
| 100 | 1 |
_aSandoval Forero, Eduardo _934631 |
|
| 100 | 1 | _uforerosandoval@gmail.com | |
| 222 | 0 | _aESPACIO ABIERTO | |
| 245 | 0 | 0 | _aEstudios sociológicos sobre los pueblos indígenas : 1990-2015 |
| 260 | _aMaracaibo, Venezuela | ||
| 300 | _a197-205 | ||
| 362 | 0 | _a2016 Volumen 25, número 3, julio-septiembre | |
| 520 | 3 | _aEl presente texto expone algunas reflexiones acerca de los estudios sociológicos sobre los pueblos indígenas en América Latina en el período de 1990-2015. Tres preguntas son las guías orientadoras del trabajo: ¿Cuáles son los temas que sobre los pueblo originarios ha venido incursionando la sociología?, ¿En la formalidad académica cuáles programas hay sobre los pueblos indígenas y cuáles son los ejes formativos? y ¿Cuáles son las aportaciones teóricas de carácter sociológico que en América Latina se han producido a partir del estudio de los pueblos indígenas? El análisis se realiza en un corpus seleccionado de 60 artículos publicados en seis revistas latinoamericanas de sociología y en 186 ponencias presentadas en los grupos de trabajo que sobre el tema se realizan en Congresos y son divulgadas en los libros y memorias por la Asociación Latinoamericana de Sociología (ALAS) y por la Asociación Latinoamericana de Sociología Rural (ALASRU). Se concluye que los estudios sobre lo indígena se bifurcan en una sociología institucional positivista, en otra sociología crítica occidentalizada, y en una más que denominamos sociología crítica descolonial | |
| 653 | 0 | _aPUEBLOS INDIGENAS | |
| 653 | 0 | _aAMERICA LATINA | |
| 653 | 0 | _aSOCIOLOGIA INDIGENA | |
| 653 | 0 | _aPOLITICA INDIGENISTA | |
| 653 | 0 | _aMOVIMIENTOS INDIGENAS | |
| 856 | 4 | _uhttp://www.redalyc.org/articulo.oa?id=12249678014 | |
| 905 | _aArticulo | ||
| 999 |
_c190893 _d190893 |
||